| 000 | 01765cam a2200277 a 4500 | ||
|---|---|---|---|
| 001 | 12441373 | ||
| 005 | 20241024165255.0 | ||
| 008 | 010614s2001 miua b 001 0 eng | ||
| 010 | _a 2001037637 | ||
| 020 | _a0801091195 (pbk.) | ||
| 040 |
_aDLC _cDLC _dDLC |
||
| 100 | 1 |
_aRichard, Ramesh, _d1953- |
|
| 245 | 1 | 0 |
_aPreparing expository sermons : _ba seven-step method for biblical preaching / _cRamesh Richard. |
| 260 |
_aGrand Rapids, Mich. : _bBaker Books, _cc2001. |
||
| 300 |
_a217 p. : _bill. ; _c23 cm. |
||
| 336 | _atext | ||
| 337 | _aunmediated | ||
| 338 | _avolume | ||
| 500 | _aRev. ed. of: Scripture sculpture. c1995. | ||
| 504 | _aIncludes bibliographical references (p. 213-215) and index. | ||
| 505 | 0 | _aStudy the text: the "flesh of the text" Structure the text: the "skeleton" of the text The central proposition of the text: the "heart" of the text The purpose bridge: the "brain" of the text The central proposition of the sermon: the "heart" of the sermon Structure the sermon: the "skeleton" of the sermon Preach the sermon: the "flesh" of the sermon Appendices. The Holy Spirit and your pulpit effectiveness The benefits of the original language for preachers Choosing a text for your sermon Introductory notes on grammar The perils of principilization Hermeneutical analysis and homiletical application of narrative texts Central propositions : an advanced procedure Understanding your audience : exegeting culture The elements of a competent sermon outline A sample sermon introduction Forms of sermon introduction Sermon evaluation questionnaire Topical exposition | |
| 630 | 0 | 0 |
_aBible _xHomiletical use. |
| 650 | 0 | _aPreaching. | |
| 700 | 1 |
_aRichard, Ramesh, _d1953- _tScripture sculpture. |
|
| 942 |
_2lcc _cBK |
||
| 999 |
_c53329 _d53329 |
||